Manners mash-up : (Record no. 7438)

MARC details
000 -LEADER
fixed length control field 01070nam a22003137a 4500
001 - CONTROL NUMBER
control field 7438
003 - CONTROL NUMBER IDENTIFIER
control field FISKH
005 - DATE AND TIME OF LATEST TRANSACTION
control field 20250716084807.0
008 - FIXED-LENGTH DATA ELEMENTS--GENERAL INFORMATION
fixed length control field 250716b cb ||||| |||| 00| 0 eng d
020 ## - INTERNATIONAL STANDARD BOOK NUMBER
International Standard Book Number 9780545391986
040 ## - CATALOGING SOURCE
Original cataloging agency FISKH
Language of cataloging eng
Transcribing agency FISKH
Modifying agency FISKH
050 ## - LIBRARY OF CONGRESS CALL NUMBER
Classification number BJ1857.C5 M125
082 ## - DEWEY DECIMAL CLASSIFICATION NUMBER
Classification number 395.1
100 ## - MAIN ENTRY--PERSONAL NAME
Personal name Arnold, Tedd
245 ## - TITLE STATEMENT
Title Manners mash-up :
Remainder of title A Goofy guide to good behavior /
Statement of responsibility, etc. Arnold, Tedd
260 ## - PUBLICATION, DISTRIBUTION, ETC.
Place of publication, distribution, etc. New York :
Name of publisher, distributor, etc. Scholastic,
Date of publication, distribution, etc. 2011.
300 ## - PHYSICAL DESCRIPTION
Extent 34 unnumbered pages :
Other physical details color illustrations ;
Dimensions 24 cm
505 ## - FORMATTED CONTENTS NOTE
Formatted contents note L<br/>
520 ## - SUMMARY, ETC.
Summary, etc. From the dinner table to the doctor's office, from the playground to the pool, this irreverent book will help kids navigate any social scenario with utmost grace.
521 8# - TARGET AUDIENCE NOTE
Target audience note 520<br/>
Source Lexile AD<br/>
521 8# - TARGET AUDIENCE NOTE
Target audience note L<br/>
Source Raz-Plus<br/>
650 ## - SUBJECT ADDED ENTRY--TOPICAL TERM
Topical term or geographic name entry element Social Skills
Form subdivision Manners
General subdivision Behavior
700 ## - ADDED ENTRY--PERSONAL NAME
Personal name Berge, Joe
Relator term Illustrator
700 ## - ADDED ENTRY--PERSONAL NAME
Personal name Morrison, Frank
Relator term Illustrator
700 ## - ADDED ENTRY--PERSONAL NAME
Personal name Cole, Henry
Relator term Illustrator
700 ## - ADDED ENTRY--PERSONAL NAME
Personal name Blackall, Sophie
Relator term Illustrator
942 ## - ADDED ENTRY ELEMENTS (KOHA)
Source of classification or shelving scheme Dewey Decimal Classification
Koha item type Books
Suppress in OPAC No
Holdings
Withdrawn status Lost status Source of classification or shelving scheme Damaged status Not for loan Collection Home library Current library Shelving location Date acquired Total Checkouts Full call number Barcode Date last seen Date last checked out Copy number Price effective from Koha item type
    Dewey Decimal Classification     Juvenile Fiction Footprints International School Library Network Toul Kork Campus Footprints International School Library Network Toul Kork Campus TK Primary Library Room(4th Floor), Bookcase 3&4, Shelves 17-32, Yellow Books 07/16/2025 1 ARN 395.1 BJ1857.C5 M125 FISBT00032 10/03/2025 09/12/2025 1 07/16/2025 Books